| 000 | 00587nam a22001937a 4500 | ||
|---|---|---|---|
| 003 | OSt | ||
| 005 | 20251028014838.0 | ||
| 008 | 251028b |||||||| |||| 00| 0 eng d | ||
| 020 | _a978-0-19-442096-9. | ||
| 040 |
_aDWCL-Main lib _cOC |
||
| 082 | _aCirc. 428 S972p 2005 | ||
| 100 | _aSwan, Michael | ||
| 245 | _aPractical english usage 3rd Intl. student ed. | ||
| 260 |
_aOxford : _bOxford University Press, _cc2005. |
||
| 300 |
_axxix, 653 pages ; _c23 cm. |
||
| 504 | _aIncludes index. | ||
| 650 | _21. English langauge-Usage. | ||
| 942 |
_2ddc _cBK-CIRC _e3rd Intl. student ed. _kCirc. _n0 |
||
| 999 |
_c5196 _d5196 |
||